| 000 | 01318cam a2200145 4500500 | ||
|---|---|---|---|
| 005 | 20260405010350.0 | ||
| 041 | _afre | ||
| 042 | _adc | ||
| 100 | 1 | 0 |
_aLeDoux, Joseph _eauthor |
| 700 | 1 | 0 |
_aKaldy, Pierre _eauthor |
| 245 | 0 | 0 | _aLe Cerveau des émotions : Et autres récits de neurologie quotidienne |
| 260 |
_bOdile Jacob,
_c2005. |
||
| 520 | _aComment peut-on sourire sans lèvres ? Pourquoi un traumatisme condamne-t-il à la répétition ?Qu’est-ce que perdre la raison ?Comment en arrive-t-on à ne plus penser ce qu’on dit ni à dire ce qu’on pense ?Pourquoi peut-on se sentir poursuivi par des voix menaçantes ?Comment parvient-on à isoler le cerveau des émotions ?Pourquoi peut-on voir sans en être conscient ? Comment planifions-nous nos actions ?Et comment contrôlons-nous nos mouvements ?Dans ces neuf histoires, Marc Jeannerod porte un regard clinique sur des personnes rencontrées dans la vie de tous les jours. Il décrit leur apparence ou leur comportement étranges et explique les troubles ou les lésions neurologiques qui altèrent leur aspect physique, leurs capacités mentales, leur lien social. Une réflexion émouvante sur la fragilité humaine. | ||
| 856 | 4 | 1 | _uhttps://stm.cairn.info/le-cerveau-des-emotions--9782738116338?lang=fr&redirect-ssocas=7080 |
| 999 |
_c2090960 _d2090960 |
||